Ελληνορθόδοξος βυζαντινός πολιτισμός τριμηνιαίο περιοδικό - μη κερδοσκοπικού χαρακτήρος - ιστορικής, πολιτιστικής και πολιτισμολογικής εμβέλειας = Greek-Orthodox Byzantine civilization : quarterly-nonspeculative-review of historical and civilizing purpose
Αποθηκεύτηκε σε:
| Συλλογικό Έργο: | , |
|---|---|
| Μορφή: | Περιοδική έκδοση |
| Γλώσσα: | Greek English |
| Δημοσίευση: |
Αθήνα :
Κοινωφελές Λουρίδειο Ίδρυμα και Πνευματικό Κέντρο - Μνήμες της Πόλης,
1999-
|
| Θέματα: | |
| Ετικέτες: |
Προσθήκη ετικέτας
Δεν υπάρχουν, Καταχωρήστε ετικέτα πρώτοι!
|
MARC
| LEADER | 00000cas a2200000 i 4500 | ||
|---|---|---|---|
| 001 | 1/56157 | ||
| 008 | 040527c19999999gr |||||||||||| ||gre|| | ||
| 035 | |l 10073554 | ||
| 040 | |a GR-MyUa |b gre |e AACR2 | ||
| 041 | 0 | |a gre |a eng | |
| 082 | 7 | |a 281.905 |2 (23) | |
| 110 | 2 | |a Κοινωφελές Λουρίδειο Ίδρυμα και Πνευματικό Κέντρο - Μνήμες της Πόλης. | |
| 245 | 1 | 0 | |a Ελληνορθόδοξος βυζαντινός πολιτισμός |h [περιοδικό] : |b τριμηνιαίο περιοδικό - μη κερδοσκοπικού χαρακτήρος - ιστορικής, πολιτιστικής και πολιτισμολογικής εμβέλειας = Greek-Orthodox Byzantine civilization : quarterly-nonspeculative-review of historical and civilizing purpose / |c Ιδρυτής, Ιδιοκτήτης "Το Κοινωφελές Λουρίδειο Ίδρυμα και Πνευματικό Κέντρο -Μνήμες της Πόλης" ; υπό την αιγίδα του Κοινωφελής Επιστημονική Εταιρεία Ερεύνης του Ελληνορθόδοξου Βυζαντινού Πολιτισμού |
| 246 | 1 | |i Παράλληλος τίτλος: |a Greek-Orthodox Byzantine civilization [περιοδικό] : |b quarterly-nonspeculative-review of historical and civilizing purpose | |
| 260 | |a Αθήνα : |b Κοινωφελές Λουρίδειο Ίδρυμα και Πνευματικό Κέντρο - Μνήμες της Πόλης, |c 1999- | ||
| 300 | |a τ. : |b εικ. ; |c 29 εκ. | ||
| 310 | |a Τριμηνιαίο, |b 1999- | ||
| 500 | |a Υπό την αιγίδα του Κοινωνφελής Επιστημονική Εταιρεία Ερεύνης του Ελληνορθόδοξου Βυζαντινού Πολιτισμού | ||
| 500 | |a Η βιβλιοθήκη του παραρτήματος Ρόδου έχει στην συλλογή της τα εξής τεύχη: Τόμος 1, τεύχος 1 (1999) - τόμος 4, τεύχος 1-4 (2002) πλήρης. | ||
| 610 | 2 | 0 | |a Orthodox Eastern Church |x Periodicals. |
| 610 | 2 | 0 | |a Orthodox Eastern Church |x History |x Periodicals. |
| 651 | 0 | |a Byzantine Empire |x Civilization |x Periodicals. | |
| 710 | 2 | |a Κοινωφελής Επιστημονική Εταιρεία Ερεύνης του Ελληνορθόδοξου Βυζαντινού Πολιτισμού. | |
| 853 | |a INST |b RHODES |c SER |h 281.905 | ||
| 922 | |a 4ΕΛΗ |b 1999 | ||
| 970 | |a ΧΟΡΟΖΙΔΟΥ |b ΤΖΕΝΗ |z 2004/05/27 | ||